000 00485nam a2200181Ia 4500
005 20250326125005.0
008 250326s9999 xx 000 0 und d
037 _aTextbook
040 _aFMSL
_beng
_cFMSL
041 _aeng
_2eng
084 _aX:8K L12
_qFMSL
100 _aMishan E J
245 0 _aCost-benefit analysis
_cMishan E J
260 _aLondon
_bLondon, George Allen & Unwin
_c1971
300 _a362p
942 _cTB
_hX:8K L12
999 _c1276066
_d1276066